header

Strategic alliances to scale up financial services in rural areas (Record no. 216229)

MARC details
000 -LEADER
fixed length control field 01642nam a22003974a 4500
082 04 - DEWEY DECIMAL CLASSIFICATION NUMBER
Classification number 332.109172/4
100 1# - MAIN ENTRY--AUTHOR NAME
Personal name Gallardo, Joselito S.,
245 10 - TITLE STATEMENT
Title Strategic alliances to scale up financial services in rural areas
260 ## - PUBLICATION, DISTRIBUTION, ETC. (IMPRINT)
Place of publication Washington, D.C. :
Name of publisher World Bank,
Year of publication c2006.
300 ## - PHYSICAL DESCRIPTION
Number of Pages xv, 41 p. :
Other physical details ill.
490 1# - SERIES STATEMENT
Series statement World Bank working paper ;
650 #0 - SUBJECT ADDED ENTRY--TOPICAL TERM
Topical Term Microfinance
Topical Term Rural development
Topical Term Rural credit
Topical Term Financial institutions
Topical Term Strategic alliances (Business)
700 1# - ADDED ENTRY--PERSONAL NAME
Personal name Goldberg, Mike,
Personal name Randhawa, Bikki K.,
856 40 - ELECTRONIC LOCATION AND ACCESS
Uniform Resource Identifier http://site.ebrary.com/lib/rucke/Doc?id=10120777

No items available.

© 2026 Rongo University
Contact us: librarian | system librarian | Rongo university